[Event "Recife Arraes Memorial 12th"]
[Site "Recife"]
[Date "2019.08.31"]
[Round "4"]
[White "Junior, Jose Antonio"]
[Black "Pereira, Silvio Cunha"]
[Result "0-1"]
[WhiteElo "1841"]
[BlackElo "2214"]
[PlyCount "72"]
[EventDate "2019.08.30"]
[EventType "swiss"]
[EventRounds "6"]
[EventCountry "BRA"]
[SourceTitle "EXT 2020"]
[Source "ChessBase"]
[SourceDate "2019.10.17"]
[SourceVersion "1"]
[SourceVersionDate "2019.10.17"]
[SourceQuality "1"]

1. Nf3 f5 2. g3 g6 3. Bg2 Bg7 4. 0-0 Nh6 5. Nc3 0-0 6. b3 c5 7. Bb2 Nc6 8. Rb1 d5 9. a4 d4 10. Nb5 e5 11. d3 Be6 12. h4 Ng4 13. Na3 Bd5 14. Nc4 a6 15. Ra1 Re8 16. a5 Bxc4 17. bxc4 Nxa5 18. Ba3 Bf8 19. Rb1 Rb8 20. Qd2 b5 21. cxb5 axb5 22. c3 dxc3 23. Qc2 b4 24. Bc1 Kg7 25. Be3 Nc6 26. Ng5 Nd4 27. Bxd4 exd4 28. Nh3 Bd6 29. Rfe1 Qc7 30. Qb3 Ne5 31. Nf4 c4 32. dxc4 Nxc4 33. Nd5 Qc5 34. Ra1 Rf8 35. Nf4 Bxf4 36. gxf4 Nd2 0-1

[Event "Recife Arraes Memorial 12th"]
[Site "Recife"]
[Date "2019.08.30"]
[Round "2"]
[White "Junior, Jose Antonio"]
[Black "Rocha, Vitor Firmo de Souz"]
[Result "0-1"]
[WhiteElo "1841"]
[BlackElo "2155"]
[PlyCount "62"]
[EventDate "2019.08.30"]
[EventType "swiss"]
[EventRounds "6"]
[EventCountry "BRA"]
[SourceTitle "EXT 2020"]
[Source "ChessBase"]
[SourceDate "2019.10.17"]
[SourceVersion "1"]
[SourceVersionDate "2019.10.17"]
[SourceQuality "1"]

1. Nf3 Nf6 2. g3 b5 3. Bg2 Bb7 4. d3 e6 5. Nbd2 Be7 6. e4 d6 7. c3 c5 8. 0-0 0-0 9. Qc2 Nbd7 10. Re1 Qc7 11. Nf1 Rfe8 12. h3 Rac8 13. Be3 c4 14. N1d2 cxd3 15. Qxd3 a6 16. Rad1 Qb8 17. Nh2 Qa8 18. f3 d5 19. exd5 Nxd5 20. Bd4 e5 21. Bf2 Nc5 22. Qf5 g6 23. Qb1 Bf8 24. Ng4 Nd7 25. Nb3 h5 26. Ne3 N5f6 27. f4 exf4 28. gxf4 Rxe3 29. Rxe3 Bxg2 30. Qc1 Bh6 31. Kh2 Nd5 0-1

[Event "Recife Arraes Memorial 9th"]
[Site "Recife"]
[Date "2016.10.23"]
[Round "6.20"]
[White "Junior, Jose Antonio"]
[Black "Gomes, Genildo de Souza"]
[Result "1-0"]
[WhiteElo "1893"]
[BlackElo "1628"]
[PlyCount "63"]
[EventDate "2016.10.21"]
[EventType "swiss"]
[EventRounds "6"]
[EventCountry "BRA"]
[SourceTitle "EXT 2022"]
[Source "ChessBase"]
[SourceDate "2021.10.06"]
[SourceVersion "1"]
[SourceVersionDate "2021.10.06"]
[SourceQuality "1"]

1. e4 d6 2. d4 Nd7 3. c4 Ngf6 4. Nc3 g6 5. Nf3 Bg7 6. Bd3 0-0 7. 0-0 c5 8. Be3 b6 9. Qd2 a6 10. Bh6 cxd4 11. Nxd4 Ne5 12. Bxg7 Kxg7 13. Be2 Qc7 14. b3 Nfg4 15. Rac1 Bb7 16. Nd5 Qd8 17. f4 e6 18. Nc3 Nxh2 19. Kxh2 Qh4+ 20. Kg1 Ng4 21. Bxg4 Qxg4 22. Qf2 Kg8 23. Qf3 Qh4 24. Qh3 Qf6 25. Qe3 e5 26. fxe5 Qxe5 27. Nf3 Qa5 28. Rf2 Rae8 29. Nd5 f5 30. Qd4 Bxd5 31. Qxd5+ Qxd5 32. exd5 1-0

[Event "Recife Arraes Memorial 8th"]
[Site "Recife"]
[Date "2015.05.01"]
[Round "2"]
[White "Araujo, Sergio Murilo"]
[Black "Junior, Jose Antonio"]
[Result "1-0"]
[WhiteElo "2076"]
[BlackElo "1914"]
[PlyCount "45"]
[EventDate "2015.05.01"]
[EventType "swiss"]
[EventRounds "6"]
[EventCountry "BRA"]
[SourceTitle "EXT 2016"]
[Source "ChessBase"]
[SourceDate "2015.10.08"]
[SourceVersion "1"]
[SourceVersionDate "2015.10.08"]
[SourceQuality "1"]

1. c4 Nf6 2. Nc3 g6 3. d4 Bg7 4. e4 d6 5. f4 0-0 6. Nf3 c5 7. d5 e6 8. Be2 Re8 9. e5 dxe5 10. fxe5 Ng4 11. Bg5 Qa5 12. d6 Nd7 13. 0-0 a6 14. Bf4 Ngxe5 15. Nxe5 Bxe5 16. Bxe5 Nxe5 17. Ne4 Kg7 18. Nf6 Rd8 19. Qc1 Bd7 20. Qf4 Nc6 21. Nh5+ gxh5 22. Qxf7+ Kh8 23. Bd3 1-0

[Event "BRA-ch Amateur"]
[Site "Sao Paulo"]
[Date "2013.02.12"]
[Round "7"]
[White "Junior, Jose Antonio"]
[Black "Dos Santos, Lucas Aparecido"]
[Result "0-1"]
[WhiteElo "2080"]
[BlackElo "1956"]
[PlyCount "96"]
[EventDate "2013.02.09"]
[EventType "swiss"]
[EventRounds "7"]
[EventCountry "BRA"]
[SourceTitle "CBM 152 Extra"]
[Source "ChessBase"]
[SourceDate "2013.02.25"]
[SourceVersion "1"]
[SourceVersionDate "2013.02.25"]
[SourceQuality "1"]

1. e4 e5 2. Nf3 Nc6 3. Bc4 Be7 4. d4 exd4 5. c3 Nf6 6. e5 Ne4 7. Bd5 Nc5 8. cxd4 Ne6 9. Bb3 Na5 10. d5 Nxb3 11. axb3 Nc5 12. b4 Na6 13. d6 cxd6 14. exd6 Bf6 15. Qe2+ Kf8 16. 0-0 h6 17. Qe4 Rb8 18. b5 Nc5 19. Qc4 b6 20. Rxa7 Bb7 21. Ra3 g6 22. Nbd2 Rc8 23. Qg4 Kg7 24. b4 h5 25. Qf4 Ne6 26. Qe3 Re8 27. Ne5 Bg5 28. Qb3 f6 29. Nef3 Bxf3 30. gxf3 Rxc1 31. Rxc1 Bxd2 32. Rca1 Nf4 33. Kh1 Re2 34. Qc4 Qe8 35. Rg1 Nh3 36. Rf1 Nxf2+ 37. Kg1 Nh3+ 38. Kh1 Bf4 39. Ra2 Bd2 40. Ra8 Qe5 41. Rg8+ Kh6 42. Rxg6+ Kxg6 43. Qg8+ Kf5 44. Qh7+ Ke6 45. Qe7+ Kd5 46. f4 Qxe7 47. dxe7 Rxe7 48. f5 Re1 0-1

[Event "BRA-ch Amateur"]
[Site "Sao Paulo"]
[Date "2013.02.11"]
[Round "5"]
[White "Junior, Jose Antonio"]
[Black "Carneiro, Vitor Roberto Castr"]
[Result "0-1"]
[WhiteElo "2080"]
[BlackElo "2089"]
[PlyCount "132"]
[EventDate "2013.02.09"]
[EventType "swiss"]
[EventRounds "7"]
[EventCountry "BRA"]
[SourceTitle "CBM 152 Extra"]
[Source "ChessBase"]
[SourceDate "2013.02.25"]
[SourceVersion "1"]
[SourceVersionDate "2013.02.25"]
[SourceQuality "1"]

1. e4 g6 2. d4 Bg7 3. Nc3 c6 4. Bc4 b5 5. Bb3 b4 6. Na4 d6 7. Nf3 Nf6 8. e5 Nd5 9. c4 bxc3 10. Nxc3 Nxc3 11. bxc3 Qa5 12. 0-0 0-0 13. Bg5 Qc7 14. Re1 d5 15. Rc1 Be6 16. c4 dxc4 17. Bxc4 Qd7 18. Qb3 Bxc4 19. Rxc4 e6 20. Rec1 h6 21. Bh4 Rc8 22. Qa4 Bf8 23. Nd2 c5 24. Ne4 Qxa4 25. Nf6+ Kg7 26. Rxa4 Nc6 27. dxc5 Nxe5 28. Ne4 g5 29. Bg3 Nd3 30. Rc3 Nxc5 31. Be5+ Kg6 32. Rac4 Rd8 33. h4 Nxe4 34. Rxe4 Rd1+ 35. Kh2 Rd2 36. Rf3 f5 37. Ra4 Re2 38. Re3 Rxe3 39. fxe3 Bc5 40. Ra6 Bb6 41. hxg5 hxg5 42. Bd4 Rb8 43. Bxb6 axb6 44. Kg3 Kf6 45. Kf3 Ke5 46. g4 Rb7 47. Ra4 b5 48. Rb4 Kd6 49. Rb2 b4 50. gxf5 exf5 51. e4 f4 52. Rd2+ Ke6 53. Rd5 b3 54. axb3 Rxb3+ 55. Kf2 g4 56. Rf5 g3+ 57. Kg2 Rb2+ 58. Kg1 Rf2 59. Rg5 Re2 60. Rg8 Rxe4 61. Kg2 Re2+ 62. Kg1 Kf5 63. Ra8 Rh2 64. Ra5+ Kg4 65. Ra4 Kh3 66. Ra1 f3 0-1

[Event "BRA-ch Amateur"]
[Site "Sao Paulo"]
[Date "2013.02.09"]
[Round "2"]
[White "Junior, Jose Antonio"]
[Black "Kina, Caio Garcia"]
[Result "1-0"]
[WhiteElo "2080"]
[BlackElo "1873"]
[PlyCount "101"]
[EventDate "2013.02.09"]
[EventType "swiss"]
[EventRounds "7"]
[EventCountry "BRA"]
[SourceTitle "CBM 152 Extra"]
[Source "ChessBase"]
[SourceDate "2013.02.25"]
[SourceVersion "1"]
[SourceVersionDate "2013.02.25"]
[SourceQuality "1"]

1. e4 g6 2. d4 Bg7 3. Nc3 d6 4. Be3 a6 5. Qd2 Nd7 6. g4 h6 7. f4 b5 8. a3 Bb7 9. Bd3 e5 10. Nf3 exd4 11. Nxd4 Ngf6 12. g5 hxg5 13. fxg5 Ng4 14. Bg1 Nge5 15. Be2 Nc5 16. Qf4 Qe7 17. 0-0-0 0-0-0 18. Nd5 Qd7 19. Nxb5 Ne6 20. Na7+ Kb8 21. Qf1 c5 22. Nb6 Qe7 23. Nd5 Qd7 24. Nb6 Qc7 25. Nd5 Qa5 26. Nb5 axb5 27. Bxb5 Nxg5 28. Bd3 Rc8 29. Be3 Ne6 30. Bd2 Qd8 31. Ba6 c4 32. Bxb7 Kxb7 33. Bc3 Qd7 34. Nb4 Ng5 35. Qf4 Ngf3 36. Kb1 Rh4 37. Qe3 Bh6 38. Qf2 Rxe4 39. Nd5 Qc6 40. Bb4 Bg5 41. Nc3 Re3 42. h4 Bh6 43. Nd5 Re4 44. Ne7 Qd7 45. Rxd6 Qc7 46. Nd5 Be3 47. Nxe3 Rd4 48. Rxd4 Nxd4 49. Nd5 Qc6 50. Qxd4 Nf3 51. Qd1 1-0

[Event "Paulista-ch"]
[Site "Americana"]
[Date "2012.12.08"]
[Round "3"]
[White "De Carvalho, Igor Lorenzon"]
[Black "Junior, Jose Antonio"]
[Result "1-0"]
[WhiteElo "1874"]
[BlackElo "2118"]
[PlyCount "99"]
[EventDate "2012.12.07"]
[EventType "swiss"]
[EventRounds "6"]
[EventCountry "BRA"]
[SourceTitle "CBM 152 Extra"]
[Source "ChessBase"]
[SourceDate "2013.02.25"]
[SourceVersion "1"]
[SourceVersionDate "2013.02.25"]
[SourceQuality "1"]

1. d4 Nf6 2. c4 c5 3. d5 e6 4. Nc3 exd5 5. cxd5 d6 6. Nf3 g6 7. Bf4 a6 8. a4 Bg7 9. h3 0-0 10. e3 Qe7 11. Be2 Nbd7 12. 0-0 b6 13. Nd2 Rb8 14. Bh2 Ne8 15. e4 Nc7 16. Nc4 Ne5 17. Nxe5 Bxe5 18. Bxe5 Qxe5 19. f4 Qg7 20. Qd2 b5 21. axb5 Nxb5 22. Nxb5 axb5 23. Ra5 Re8 24. Bf3 c4 25. Qc3 Qxc3 26. bxc3 f5 27. Re1 fxe4 28. Rxe4 Kf8 29. Kf2 Bf5 30. Rxe8+ Kxe8 31. Ra6 b4 32. cxb4 c3 33. Rc6 c2 34. Ke2 Rxb4 35. Kd2 Kd7 36. g4 Rxf4 37. Ke3 Rb4 38. gxf5 gxf5 39. Rxc2 Rh4 40. Bg2 Ke7 41. Rc7+ Kf6 42. Ra7 f4+ 43. Ke4 f3+ 44. Kxf3 Ke5 45. Re7+ Kf5 46. Kg3 Rh6 47. Be4+ Kg5 48. Rxh7 Rxh7 49. Bxh7 Kf6 50. Bg8 1-0

[Event "Itu LCX 19th"]
[Site "Itu"]
[Date "2010.05.23"]
[Round "11"]
[White "Travessa, Diobel Gomes"]
[Black "Junior, Jose Antonio"]
[Result "0-1"]
[WhiteElo "1651"]
[BlackElo "1912"]
[PlyCount "68"]
[EventDate "2010.05.15"]
[EventType "tourn"]
[EventRounds "11"]
[EventCountry "BRA"]
[SourceTitle "EXT 2022"]
[Source "ChessBase"]
[SourceDate "2021.10.06"]
[SourceVersion "1"]
[SourceVersionDate "2021.10.06"]
[SourceQuality "1"]

1. e4 c5 2. Nc3 d6 3. d3 e6 4. Nf3 Nc6 5. g3 Nf6 6. Bg2 Be7 7. 0-0 0-0 8. Be3 a6 9. a3 Qc7 10. d4 cxd4 11. Nxd4 Bd7 12. f4 Na5 13. Bf2 Nc4 14. Rb1 Rac8 15. Na2 e5 16. Nf5 Bxf5 17. exf5 e4 18. Re1 d5 19. Nc3 Rfd8 20. Kh1 Bc5 21. Bxc5 Qxc5 22. h3 b5 23. b4 Qf2 24. Qe2 Qxg3 25. a4 Qxc3 26. Rb3 Qd2 27. axb5 Qxe2 28. Rxe2 axb5 29. Rg3 Nh5 30. Rg4 Nf6 31. Rg3 Nd6 32. Ra3 Nxf5 33. Kh2 Nd6 34. Rd2 Nc4 0-1

[Event "Itu LCX 19th"]
[Site "Itu"]
[Date "2010.05.22"]
[Round "8"]
[White "Junior, Jose Antonio"]
[Black "Do Prado, Andrielle Souza Bri"]
[Result "1/2-1/2"]
[WhiteElo "1912"]
[BlackElo "1676"]
[PlyCount "58"]
[EventDate "2010.05.15"]
[EventType "tourn"]
[EventRounds "11"]
[EventCountry "BRA"]
[SourceTitle "EXT 2022"]
[Source "ChessBase"]
[SourceDate "2021.10.06"]
[SourceVersion "1"]
[SourceVersionDate "2021.10.06"]
[SourceQuality "1"]

1. d4 Nf6 2. c4 g6 3. Nc3 d6 4. e4 Bg7 5. Nf3 0-0 6. Be2 e5 7. 0-0 Nc6 8. d5 Ne7 9. b4 Ne8 10. c5 f5 11. Bg5 h6 12. Bxe7 Qxe7 13. cxd6 cxd6 14. Rc1 f4 15. Ne1 g5 16. Bg4 Bd7 17. Bxd7 Qxd7 18. f3 Nf6 19. Nb5 Rfc8 20. Rxc8+ Rxc8 21. Qd3 a6 22. Nc3 Qc7 23. Na4 Qc4 24. Qxc4 Rxc4 25. Nd3 Bf8 26. Rc1 Rxc1+ 27. Nxc1 Kf7 28. Nc3 Ke8 29. Nd3 Kd7 1/2-1/2

[Event "Itu LCX 19th"]
[Site "Itu"]
[Date "2010.05.19"]
[Round "5"]
[White "Junior, Jose Antonio"]
[Black "Faria, Marcio Roberto"]
[Result "1-0"]
[WhiteElo "1912"]
[BlackElo "1765"]
[PlyCount "103"]
[EventDate "2010.05.15"]
[EventType "tourn"]
[EventRounds "11"]
[EventCountry "BRA"]
[SourceTitle "EXT 2022"]
[Source "ChessBase"]
[SourceDate "2021.10.06"]
[SourceVersion "1"]
[SourceVersionDate "2021.10.06"]
[SourceQuality "1"]

1. d4 d5 2. c4 e6 3. Nc3 Nf6 4. Bg5 c6 5. Nf3 Nbd7 6. e3 Bb4 7. a3 Bxc3+ 8. bxc3 Qa5 9. Qb3 Ne4 10. Rc1 Nxg5 11. Nxg5 h6 12. Nf3 Nf6 13. Bd3 0-0 14. 0-0 Qc7 15. Rfe1 Ne4 16. Qc2 Qe7 17. Ra1 Kh8 18. Bxe4 dxe4 19. Qxe4 f6 20. Qg6 e5 21. Qe4 Qc7 22. Nh4 Re8 23. Qg6 Be6 24. Qd3 Rad8 25. e4 g5 26. Nf3 Bg8 27. a4 c5 28. d5 Rd6 29. Ra2 b6 30. Rea1 a5 31. Rb2 Qd7 32. Qc2 Bh7 33. Rab1 Rb8 34. Rb5 Qa7 35. Nd2 Bg6 36. R5b2 Qd7 37. Nf1 Qg4 38. f3 Qd7 39. Ne3 Qe8 40. Rb5 h5 41. Qb2 Rdd8 42. Rxb6 Ra8 43. Qb5 Qf8 44. Qc6 Kg7 45. Rb7+ Kh6 46. R1b6 g4 47. fxg4 Kg5 48. gxh5 Bxh5 49. Qe6 f5 50. Qxe5 Qh8 51. Rg7+ Qxg7 52. Qxg7+ 1-0

[Event "Campinas Fujishima Memorial"]
[Site "Campinas"]
[Date "2009.09.18"]
[Round "5"]
[White "Junior, Jose Antonio"]
[Black "Labegalini, Antonio Luiz"]
[Result "1-0"]
[WhiteElo "1992"]
[BlackElo "1897"]
[PlyCount "87"]
[EventDate "2009.08.23"]
[EventType "tourn"]
[EventRounds "11"]
[EventCountry "BRA"]
[SourceTitle "EXT 2012"]
[Source "ChessBase"]
[SourceDate "2011.11.24"]
[SourceVersion "1"]
[SourceVersionDate "2011.11.24"]
[SourceQuality "1"]

1. d4 Nf6 2. Nf3 e6 3. g3 c5 4. Bg2 cxd4 5. Nxd4 d5 6. 0-0 Be7 7. c4 Nc6 8. cxd5 exd5 9. Nc3 0-0 10. Bg5 h6 11. Bf4 Be6 12. Qa4 Qd7 13. Rfd1 a6 14. Nxe6 fxe6 15. e4 d4 16. e5 Ng4 17. Bxc6 Qxc6 18. Qxc6 bxc6 19. Rxd4 g5 20. Bxg5 Nxe5 21. Bxe7 Nf3+ 22. Kg2 Nxd4 23. Bxf8 Rxf8 24. Rd1 e5 25. b3 Kf7 26. Ne4 a5 27. Nd6+ Ke6 28. Nc4 a4 29. Re1 Rf5 30. bxa4 Rh5 31. h4 Rf5 32. f4 e4 33. Rxe4+ Kd5 34. Nd2 h5 35. Re5+ Rxe5 36. fxe5 Kxe5 37. Nf3+ Nxf3 38. Kxf3 c5 39. a5 Kd5 40. a6 Kc6 41. g4 hxg4+ 42. Kxg4 c4 43. Kf4 Kb6 44. h5 1-0

[Event "Campinas Labegalini Memoria 16th"]
[Site "Campinas"]
[Date "2009.09.07"]
[Round "11"]
[White "Junior, Jose Antonio"]
[Black "Abe, Nelson"]
[Result "1/2-1/2"]
[WhiteElo "1912"]
[BlackElo "1817"]
[PlyCount "121"]
[EventDate "2009.08.07"]
[EventType "tourn"]
[EventRounds "11"]
[EventCountry "BRA"]
[SourceTitle "EXT 2022"]
[Source "ChessBase"]
[SourceDate "2021.10.06"]
[SourceVersion "1"]
[SourceVersionDate "2021.10.06"]
[SourceQuality "1"]

1. c4 Nf6 2. Nc3 g6 3. d4 d5 4. Nf3 Bg7 5. Bg5 Ne4 6. cxd5 Nxg5 7. Nxg5 e6 8. Nf3 exd5 9. e3 0-0 10. Bd3 Bg4 11. h3 Bxf3 12. Qxf3 c6 13. 0-0 Nd7 14. Qe2 Re8 15. Qd2 Nf6 16. f3 Bh6 17. Rae1 Qe7 18. f4 Ne4 19. Nxe4 dxe4 20. Bc4 Qf6 21. Rd1 Bg7 22. f5 gxf5 23. g4 Qh4 24. Qg2 fxg4 25. Bxf7+ Kh8 26. Bxe8 gxh3 27. Qf2 Qg4+ 28. Kh1 Rxe8 29. Rg1 Qe6 30. Rdf1 Rg8 31. Qh2 Qxa2 32. Qxh3 Qd5 33. Rg4 Qe6 34. Rf2 h6 35. Rfg2 a6 36. Rh4 Qxh3+ 37. Rxh3 Re8 38. Rg6 Kh7 39. Rd6 Re7 40. b3 Kg8 41. Kg1 Kf7 42. d5 cxd5 43. Rxd5 Ke6 44. Rc5 Kd6 45. Rc4 b5 46. Rc2 a5 47. Rg3 Bf6 48. Rg6 Rg7 49. Rxg7 Bxg7 50. Rg2 Bc3 51. Rg6+ Kc5 52. Rxh6 Kb4 53. Rb6 Kxb3 54. Rxb5+ Kc2 55. Rb6 a4 56. Ra6 Kb3 57. Kf2 a3 58. Kg3 a2 59. Kf4 a1Q 60. Rxa1 Bxa1 61. Kxe4 1/2-1/2

[Event "Campinas Labegalini Memoria 16th"]
[Site "Campinas"]
[Date "2009.09.06"]
[Round "9"]
[White "Leme, Rogerio Luis"]
[Black "Junior, Jose Antonio"]
[Result "0-1"]
[WhiteElo "1764"]
[BlackElo "1912"]
[PlyCount "83"]
[EventDate "2009.08.07"]
[EventType "tourn"]
[EventRounds "11"]
[EventCountry "BRA"]
[SourceTitle "EXT 2022"]
[Source "ChessBase"]
[SourceDate "2021.10.06"]
[SourceVersion "1"]
[SourceVersionDate "2021.10.06"]
[SourceQuality "1"]

1. d4 d5 2. c4 c6 3. Nf3 Nf6 4. e3 g6 5. Bd3 Bg7 6. 0-0 0-0 7. b3 Qc7 8. Bb2 Nbd7 9. Nc3 Re8 10. e4 dxe4 11. Nxe4 Nxe4 12. Bxe4 e5 13. d5 f5 14. dxc6 bxc6 15. Bc2 Bb7 16. b4 Rad8 17. Qe2 e4 18. Nd4 c5 19. Nb5 Qb6 20. Bxg7 Kxg7 21. bxc5 Nxc5 22. Rab1 Nd3 23. Bxd3 Rxd3 24. Qb2+ Qf6 25. Nc7 Bc6 26. Qxf6+ Kxf6 27. Nxe8+ Bxe8 28. Rfd1 Bf7 29. Rxd3 exd3 30. c5 Ke5 31. c6 Kd6 32. Rd1 Bc4 33. c7 Be6 34. Rxd3+ Kxc7 35. a3 Bd7 36. h4 Bc6 37. f3 Bd7 38. Kf2 Bc6 39. Ke3 Bb5 40. Rd4 Bc6 41. Kf4 h6 42. Ke5 0-1

[Event "Campinas Labegalini Memoria 16th"]
[Site "Campinas"]
[Date "2009.09.06"]
[Round "10"]
[White "Milanelo, Carlos Alberto"]
[Black "Junior, Jose Antonio"]
[Result "1/2-1/2"]
[WhiteElo "2011"]
[BlackElo "1912"]
[PlyCount "87"]
[EventDate "2009.08.07"]
[EventType "tourn"]
[EventRounds "11"]
[EventCountry "BRA"]
[SourceTitle "EXT 2022"]
[Source "ChessBase"]
[SourceDate "2021.10.06"]
[SourceVersion "1"]
[SourceVersionDate "2021.10.06"]
[SourceQuality "1"]

1. d4 d5 2. Nf3 Nf6 3. Bf4 g6 4. c4 c6 5. cxd5 cxd5 6. Nc3 Bg7 7. e3 a6 8. Bd3 0-0 9. 0-0 Bg4 10. h3 Bxf3 11. Qxf3 Nc6 12. Qe2 e6 13. Rfc1 Qb6 14. Na4 Qd8 15. Nc5 Qb6 16. a3 Rac8 17. b4 Rfe8 18. Bh2 e5 19. dxe5 Nxe5 20. Rab1 Nxd3 21. Qxd3 Ne4 22. Nxe4 Rxc1+ 23. Rxc1 dxe4 24. Qd6 Qxd6 25. Bxd6 Bb2 26. Rc7 Rd8 27. Bg3 Bxa3 28. Rxb7 Rd1+ 29. Kh2 Bb2 30. Ra7 Ra1 31. b5 axb5 32. Rb7 Ra5 33. Bc7 Ra2 34. Rxb5 Ra7 35. Rb8+ Kg7 36. Bd6 Ba3 37. Be5+ f6 38. Bf4 g5 39. Bg3 h5 40. h4 gxh4 41. Bf4 Be7 42. Kh3 f5 43. f3 exf3 44. gxf3 1/2-1/2

[Event "Campinas Labegalini Memoria 16th"]
[Site "Campinas"]
[Date "2009.08.09"]
[Round "4"]
[White "Junior, Jose Antonio"]
[Black "Garkauskas, Otto Dmitry"]
[Result "1-0"]
[WhiteElo "1912"]
[BlackElo "1993"]
[PlyCount "69"]
[EventDate "2009.08.07"]
[EventType "tourn"]
[EventRounds "11"]
[EventCountry "BRA"]
[SourceTitle "EXT 2022"]
[Source "ChessBase"]
[SourceDate "2021.10.06"]
[SourceVersion "1"]
[SourceVersionDate "2021.10.06"]
[SourceQuality "1"]

1. Nf3 d5 2. d4 c6 3. c4 Nf6 4. Nc3 e6 5. cxd5 exd5 6. Bg5 Nbd7 7. e3 Be7 8. Bd3 h6 9. Bxf6 Nxf6 10. h3 Bd6 11. 0-0 0-0 12. Qc2 Qc7 13. Rfc1 Be6 14. Nb5 Qd7 15. Nxd6 Qxd6 16. Rab1 Ne4 17. b4 a6 18. a4 Rac8 19. Bxe4 dxe4 20. Qxe4 Bd5 21. Qe5 Qe6 22. Qxe6 Bxe6 23. Ne5 f6 24. Ng6 Rfe8 25. Nf4 Bd5 26. Nxd5 cxd5 27. Rc5 Rxc5 28. bxc5 Re7 29. Rb6 Rd7 30. c6 bxc6 31. Rxc6 Ra7 32. Rd6 Kf7 33. Rxd5 Ke6 34. Rc5 Kd6 35. g4 1-0